Zodiac Signs - Statistics

General Stats
  • This quiz has been taken 34 times
  • The average score is 7 of 12
Answer Stats
Hint Answer % Correct
Aquarius
75%
Gemini
75%
Scorpio
65%
Leo
60%
Libra
60%
Taurus
60%
Cancer
55%
Aries
50%
Pisces
50%
Sagittarius
50%
Virgo
45%
Capricorn
40%
No matching quizzes found
Score Distribution
Percent of People with Each Score
Percentile by Number Answered
Your Score History
You have not taken this quiz